Kings of Saudi Arabia - Statistics

General Stats
  • This quiz has been taken 150 times
  • The average score is 5 of 7
Answer Stats
Reign King % Correct
2015- Salman
90%
2005-2015 Abdullah
82%
1953-1964 Saud
70%
1964-1975 Faisal
67%
1926-1953 Abdulaziz
63%
1982-2005 Fahd
57%
1975-1982 Khalid
53%
No matching quizzes found
Score Distribution
Percent of People with Each Score
Percentile by Number Answered
Your Score History
You have not taken this quiz